00545cam a22002171 4500001001300000003000400013005001700017008004100034010001700075035002000092040001800112042001200130050001600142100005500158245002200213260001100235300001900246500001700265650002100282700002400303sa 67001098 DLC20260227112319.0890609s1965 ii 000 0 gujo  asa 67001098  a(OCoLC)19844196 aDLCcWaUdDLC apremarc00aPK1856b.D31 aDalāla, Sureśa Purushottamadāsa,d1932-2012.10aNajaruṃ lāge. c[1965] a322 p.c19 cm. aIn Gujarati. 0aGujarati poetry.1 aMalji, Bhal,d1921-